000 00437nam a2200181Ia 4500
005 20250603145218.0
008 250603s9999 xx 000 0 und d
020 _a978206341-X
050 _aP 90 .F65/
100 _aFolarin, Babatunde
245 0 _aIssues in applied communication
260 _aIbadan
260 _bStirling-Horden Publishers (Nig.) Ltd.
260 _c1998
300 _a95 p
650 _aIbadan
942 _cBK
999 _c41203
_d41203